Regional report (Record no. 81693)
[ view plain ]
| 000 -LEADER | |
|---|---|
| fixed length control field | 00903cab a22002175a 4500 |
| 001 - CONTROL NUMBER | |
| control field | L147989 |
| 008 - FIXED-LENGTH DATA ELEMENTS--GENERAL INFORMATION | |
| fixed length control field | 090710e20090703xxko f 000 0 eng d |
| 035 ## - SYSTEM CONTROL NUMBER | |
| System control number | (Sirsi) u147989 |
| 041 0# - LANGUAGE CODE | |
| Language code of text/sound track or separate title | eng |
| 100 1# - MAIN ENTRY--PERSONAL NAME | |
| Personal name | Eade, Christine |
| 245 00 - TITLE STATEMENT | |
| Title | Regional report |
| Remainder of title | Somerset, Devon and Cornwall |
| 260 ## - PUBLICATION, DISTRIBUTION, ETC. | |
| Date of publication, distribution, etc. | 2009 |
| 490 #0 - SERIES STATEMENT | |
| Series statement | Property Week |
| Volume/sequential designation | 75(27) 3 July 2009, 67-72(4) |
| 520 ## - SUMMARY, ETC. | |
| Summary, etc. | Summarises commercial property market activity across the three counties and includes news of a Plymouth affordable housing deal in Plymouth and green belt challenges in Somerset. Reports on an ambitious development programme for the area east of Exeter and the completion of St Austell's new shopping centre, White River Place, by the end of 2009. |
| 590 ## - LOCAL NOTE (RLIN) | |
| Local note | KA |
| 651 #4 - SUBJECT ADDED ENTRY--GEOGRAPHIC NAME | |
| Geographic name | Somerset |
| 651 #4 - SUBJECT ADDED ENTRY--GEOGRAPHIC NAME | |
| Geographic name | Devon |
| 651 #4 - SUBJECT ADDED ENTRY--GEOGRAPHIC NAME | |
| Geographic name | Cornwall |
| 690 ## - LOCAL SUBJECT ADDED ENTRY--TOPICAL TERM (OCLC, RLIN) | |
| Topical term or geographic name as entry element | PROPERTY-COMMERCIAL PROPERTY-COMMERCIAL PROPERTY MARKET |
| 942 ## - ADDED ENTRY ELEMENTS (KOHA) | |
| Suppress in OPAC | 0 |
| Withdrawn status | Lost status | Source of classification or shelving scheme | Damaged status | Not for loan | Home library | Current library | Shelving location | Date acquired | Total Checkouts | Full call number | Barcode | Date last seen | Copy number | Price effective from | Koha item type |
|---|---|---|---|---|---|---|---|---|---|---|---|---|---|---|---|
| Dewey Decimal Classification | London | London | Journal article | 10/07/2009 | L147989 | 147989-1001 | 06/08/2019 | 1 | 06/08/2019 | Journal article |